000 nam a22 a 4500
999 _c4157
_d4157
003 AKMAL
005 20170525123354.0
008 170525s1991 my a00 may d
020 _a9836221239 (kkrs.) :
_cRM35.00
040 _aAKMAL
_cAKMAL
082 0 4 _a959.5 HOO
090 _a959.5
_bHOO
100 1 _aHooker, Virginia Matheson
_98161
240 1 0 _aTuhfat al-nafis
245 1 _aTuhfat al-nafis :
_bsejarah Melayu-Islam /
_cVirginia Matheson Hooker ; penterjemah pengenalan Ahmad Fauzi Basri
260 _aKuala Lumpur :
_bDewan Bahasa dan Pustaka,
_c1991
300 _axxvi, 736ms. ;
_c22cm.
500 _aMengandungi indeks
504 _aBibliografi: ms. 727-732
521 _aPeringkat pembaca: Dewasa
650 _aBugis (Malay people)
_xHistory
_98162
650 _aMalay literature
_xHistory and criticism
_95709
651 _aJohor
_xHistory
_98163
651 _aMalaysia
_xHistory
_9434
651 _aMalay Archipelago
_xHistory
_98164
700 0 _aAhmad Fawzi Mohd. Basri,
_cDato',
_d1949-2005
_94779
942 _2ddc
_cBOOK